| 000 | 01046nam0a22002771 4500 | ||
|---|---|---|---|
| 001 | rc\3191347 | ||
| 005 | 20120628150720.6 | ||
| 021 |
_aRU _b75-82276 |
||
| 021 |
_aRU _bРг14634-75 |
||
| 035 | _a(NLR Aleph) 007339989 | ||
| 090 |
_a6098999 _c6098999 |
||
| 100 | _a20120628d1975 |||y0rusy50 ca | ||
| 101 | 1 |
_arus _cukr |
|
| 102 | _aRU | ||
| 105 | _ay z |||a| | ||
| 200 | 1 |
_aИсповедь _eПьеса в 3 д., 8 карт. _fПер. с укр. и сцен. ред. Виктора Розова _gОтв. ред. М. Медведева _gБюро распространения драм. произведений и информ.-рекламных материалов ВААП |
|
| 210 |
_aМосква _cБ. и. _d1975 |
||
| 215 |
_a80 л. _d28 |
||
| 700 | 1 |
_aГорбашов _bЛ. Н. _f1914- _gЛеонид Наумович |
|
| 702 | 1 |
_aРозов _bВ. _gВиктор _4730 _4340 |
|
| 702 | 1 |
_aМедведева _bМ. _4340 |
|
| 801 | 0 |
_aRU _bNLR _gpsbo |
|
| 801 | 1 |
_aRU _bELAR _2rusmarc |
|
| 852 |
_aNLR _j75-8/1048 |
||
| 942 | _cBOOK | ||
| 980 | _aNB | ||